| 000 | 00524cam a2200217ua 4500 | ||
|---|---|---|---|
| 001 | 7249 | ||
| 008 | 141205n ii |||gr||||Z||||||eng | ||
| 020 | _a8121904358 | ||
| 040 | _cMAIN | ||
| 041 | _aeng | ||
| 082 | _a330.954 | ||
| 100 |
_aDewett, K.K., _eAuthor. |
||
| 245 |
_aIndian economics _cBy K.K. Dewett |
||
| 250 | _a41th rev. | ||
| 260 |
_aNew Delhi: _bShyam lal, _c1995. |
||
| 300 | _a690p. | ||
| 653 | _aIndian economics | ||
| 700 |
_aVarma, J.D., _eAuthor. |
||
| 700 |
_aSharma, M.L., _eAuthor. |
||
| 942 | _cBK | ||
| 999 |
_c6374 _d6374 |
||